Quiz de culture générale - Statistiques

Statistiques générales
  • Ce quiz a été pris 61 fois
  • Le résultat moyen est 4 sur 15
Statistiques - réponses
Questions Réponses % Correct
Quel super-héros de chez MARVEL a pour véritable identité Bruce Banner ? Hulk
61%
Par quelle lettre le tungstène est-représenté sur le tableau périodique des éléments ? W
59%
Quel pays a obtenu son indépendance grâce à Toussaint Louverture ? Haïti
54%
Quelle est la capitale du Yémen ? Sanaa
34%
Quelle sportive guadeloupéenne, surnommée La Guêpe, a été Ministre des Sports de mai 2017 à septembre 2018, durant le premier mandat de Emmanuel Macron ? Laura Flessel
27%
A quel chanteur britannique doit-on (entre autres) les titres "Tears in Heaven" et "Layla" ? Eric Clapton
23%
Quelles sont les dates de la Guerre Froide ? 1947-1991
21%
Qui est l'auteur de Dracula ? Bram Stoker
16%
Quel est le premier site touristique visité en Nouvelle-Aquitaine ? Le Futuroscope
16%
Quelle actrice états-unienne a interprété les rôles de Daphne Blake dans Scooby-Doo et Buffy Summers dans Buffy contre les vampires ? Sarah Michelle Gellar
16%
Que signifie le terme "nyctalope" ? Qui voit dans le noir
13%
De quel pays vient le groupe de Power Metal Sabaton ? Suède
13%
Quel mangaka est à l'origine de Fairy Tail ? Hiro Mashima
11%
Quel politicien a été le premier président à être élu au suffrage universel en Russie ? Boris Elstine
5%
Quel faussaire, ingénieur de formation, a été surnommé par les médias le "Cézanne de la fausse monnaie" ? Ceslaw Bojarski
5%
Aucun quiz correspondant
Distribution des résultats
% des personnes avec chaque résultat
Percentile par nombre de réponses
Votre historique - résultats
Vous n’avez pas pris ce quiz